000 00550nam a22002177a 4500
001 0145
003 DO-SdBNP
005 20151120105346.0
007 0145
008 151005b1971 sp 00| 0 spa d
040 _aBPMSU
_bspa
_cBPMSU
092 _aXXXX
_bXXXX
100 1 _aBagué, Enrique
245 1 3 _aEl artista aprende la lección de los ángeles /
_cEnrique Bagué
260 _aBarcelona :
_bTeide,
_c1971.
300 _a18 p. :
_bil.
_c24 cm.
521 1 _aA partir de los 12 años
910 _a202
942 _2ddc
_cBK
956 _aYngrid Lockward
999 _c8840
_d8840